Key Spam Test - Statistics

General Stats
  • This quiz has been taken 12,019 times
  • The average score is 3 of 5
Answer Stats
Test Spam Times Answer % Correct
1 e 15 e(15)
99%
2 r 30 r(30)
75%
3 5 50 5(50)
61%
4 no 25 no(25)
20%
5 p 44 p(44)
13%
No matching quizzes found
Score Distribution
Percent of People with Each Score
Percentile by Number Answered
Your Score History
You have not taken this quiz